01088nam a2200205 a 450000100100000000500170001000800410002704000250006808200190009311001020011224501460021426000360036030000170039659000260041371000810043995201230052095201080064395201140075199900170086500004787520210301120403.0181001s2014 dr r 000 0 spa d aDO-SdBNPbspacBNPHU axxxxbR426inve1 aRepública Dominicanabescuela de graduados de estudios superiores aeronáuticos (EGESA)97543810aInvestigaciones aeronáuticas :bcompendio de monografías de la especialidad de estudios superiores aeronáuticos, promociones 2012-2015. aSanto Domingo :bINSUDE,c2014. av. ;c23 cm. aInventariado, 2018/BT 2aInstituto Superior para la Defensa General Juan Pablo Duarte y Díez975437 001054708PDaGRbGRcHDd2018-10-01iLF1l0ov. 1, e. 3p47875-30r2020-06-25w2020-06-25yLFPDZPréstamo en sala 0010718PDaPDbPDcHDd2018-10-01iLF1l0ov. 1p47875-10r2020-06-25w2020-06-25yLFPDZNo se presta 0010718PDaPDbPDcHDd2018-10-01iLF1l0ov. 1, e. 2p47875-20r2020-06-25w2020-06-25yLFPDZNo se presta c47363d47363